=LDR 00000nam 2200000 4500 =001 INLIS000000000003599 =005 20250319110517 =035 ##$$a 0010-0325000315 =007 ta =008 250319################g##########e#ind## =082 ##$$a 378.2 =084 ##$$a 378.2 BKK p =245 1#$$a Pengembangan Kapasitas Tenaga Program Keluarga Berencana dan Keluarga Sejahtera /$c BKKBN =260 ##$$a Jakarta :$b BKKBN,$c 2010 =650 #4$$a Keluarga Berencana =110 1#$$a BKKBN =520 ##$$a Buku ini berisi tentang Pengembangan Kapasitas Tenaga Program Keluarga Berencana dan Keluarga Sejahtera =856 ##$$a Perpustakaan UPT Balai Diklat KKB Jember =300 ##$$a iv,57 ; $c 21